000 00367nam a2200145Ia 4500
008 230917s9999||||xx |||||||||||||| ||und||
040 _e65763
_aMAIN
041 _aEnglish
082 _a891.2109 R162P
100 _aRanganath, S
245 0 _aPost independence sanskrit epics
260 _aDelhi
_bEastern Book Linkers
_c1996
300 _aviii, 258 p.
942 _cBK
999 _c96683
_d96683